00535nam a22001817a 4500003000900000005001700009008003100026020001500057040002200072082001700094100002100111245007800132260002900210300002800239490003000267700002600297830003000323DO-SdBNP20180223141117.0160318b 1975 sp00| 0 spa d a8474040078 aBPMSUbspacBPMSU 4axxxxxbxxxxx1 aMolnár, Ferenc14aLos muchachos de la calle pal /cFerenc Molnar ; traductor José Félix aMadrid :bEdival,c1975. a171 p. :bil. ;c25 cm.1 aClásicos de la juventud12aFélix, José,etr. 0aClásicos de la juventud